[Event "Lima Santisimo Nombre de Jesus 3"]
[Site "Lima"]
[Date "2014.06.21"]
[Round "2"]
[White "Lopez Callata, Jorge"]
[Black "Cosme Contreras, Trilce"]
[Result "1-0"]
[WhiteElo "1841"]
[BlackElo "1560"]
[PlyCount "81"]
[EventDate "2014.06.21"]
[EventType "swiss"]
[EventRounds "8"]
[EventCountry "PER"]
[SourceTitle "EXT 2024"]
[Source "ChessBase"]
[SourceDate "2023.10.10"]
[SourceVersion "1"]
[SourceVersionDate "2023.10.10"]
[SourceQuality "1"]

1. e4 c5 2. Nc3 Nc6 3. g3 d6 4. Bg2 Nf6 5. Nge2 e5 6. d3 Be7 7. 0-0 a6 8. f4 b5 9. Qe1 b4 10. Nd1 Bg4 11. Ne3 h5 12. h3 Bxe2 13. Qxe2 Nd4 14. Qf2 0-0 15. c3 bxc3 16. bxc3 Nc6 17. Nf5 Re8 18. Be3 Bf8 19. Rab1 Rb8 20. Qc2 Rb5 21. Qa4 Qb6 22. Rb3 Rb8 23. fxe5 Rxb3 24. axb3 dxe5 25. Nh6+ Kh7 26. Nxf7 Qb5 27. Ng5+ Kg8 28. Qxb5 Rxb5 29. Ne6 Rxb3 30. Nxf8 Kxf8 31. Bxc5+ Ke8 32. Rc1 a5 33. d4 a4 34. d5 Na5 35. Bb4 a3 36. Ra1 Nc4 37. Bf1 Ne3 38. Bb5+ Kd8 39. Rxa3 Rxa3 40. Bxa3 Nxe4 41. c4 1-0

[Event "Lima Santisimo Nombre de Jesus 7"]
[Site "Lima"]
[Date "2013.12.15"]
[Round "6"]
[White "Lopez Callata, Jorge"]
[Black "Saenz, Ivan"]
[Result "1-0"]
[WhiteElo "1805"]
[BlackElo "1861"]
[PlyCount "47"]
[EventDate "2013.12.13"]
[EventType "swiss"]
[EventRounds "8"]
[EventCountry "PER"]
[SourceTitle "EXT 2024"]
[Source "ChessBase"]
[SourceDate "2023.10.10"]
[SourceVersion "1"]
[SourceVersionDate "2023.10.10"]
[SourceQuality "1"]

1. e4 e6 2. d4 d5 3. Nd2 Nf6 4. e5 Nfd7 5. Bd3 c5 6. c3 Nc6 7. Ne2 g6 8. f4 Bg7 9. Nf3 0-0 10. 0-0 f5 11. exf6 Bxf6 12. Be3 c4 13. Bc2 b5 14. a3 a5 15. Qd2 Re8 16. Ne5 Ndxe5 17. fxe5 Bg7 18. Bg5 Qb6 19. Kh1 Bd7 20. Rf6 Bxf6 21. Bxf6 Rf8 22. Qh6 Rf7 23. Bxg6 Re7 24. Bxe7 1-0

[Event "Lima Morales Memorial op 3rd"]
[Site "Lima"]
[Date "2013.??.??"]
[Round "2"]
[White "Rojas, Steven"]
[Black "Lopez Callata, Jorge"]
[Result "1/2-1/2"]
[WhiteElo "1539"]
[BlackElo "1889"]
[PlyCount "106"]
[EventDate "2013.02.02"]
[EventType "swiss"]
[EventRounds "11"]
[EventCountry "PER"]
[SourceTitle "CBM 153 Extra"]
[Source "ChessBase"]
[SourceDate "2013.04.22"]
[SourceVersion "1"]
[SourceVersionDate "2013.04.22"]
[SourceQuality "1"]

1. d4 Nf6 2. c4 e6 3. Nf3 b6 4. e3 Bb7 5. Bd3 c5 6. 0-0 Na6 7. Nc3 Be7 8. b3 0-0 9. Bb2 Rc8 10. Nb5 Ra8 11. a3 cxd4 12. exd4 d5 13. Ne5 dxc4 14. bxc4 Nc7 15. a4 a6 16. Nc3 Bb4 17. Qb3 Qe7 18. Ba3 Bxa3 19. Rxa3 Qd6 20. Ne2 Rab8 21. Rb1 Rfc8 22. Ra2 Ba8 23. Qc2 Ncd5 24. Qd2 Ne7 25. Qb4 Qc7 26. Rab2 Ng6 27. f4 Nh4 28. g3 Qb7 29. d5 exd5 30. Qxb6 Qxb6+ 31. Rxb6 Rxb6 32. Rxb6 Ng6 33. Nxg6 hxg6 34. cxd5 Nxd5 35. Rxa6 Nb4 36. Rd6 Nxd3 37. Rxd3 Be4 38. Ra3 Rc2 39. Kf2 Bb7 40. Rc3 Ra2 41. Ke3 Rxa4 42. Nd4 Ra2 43. Rc7 Bd5 44. Rc2 Ra3+ 45. Kf2 Be4 46. Re2 f5 47. Nc2 Rf3+ 48. Ke1 Rc3 49. Nd4 Rc1+ 50. Kd2 Rh1 51. Ke3 Kh7 52. Ne6 Kg8 53. Nc5 Bc6 1/2-1/2

[Event "Lima Sagrados Corazones Recoleta 2012"]
[Site "Lima"]
[Date "2012.12.24"]
[Round "6"]
[White "De la Cruz, Jonathan"]
[Black "Lopez Callata, Jorge"]
[Result "0-1"]
[WhiteElo "1814"]
[BlackElo "1995"]
[PlyCount "117"]
[EventDate "2012.12.22"]
[EventType "swiss"]
[EventRounds "8"]
[EventCountry "PER"]
[SourceTitle "EXT 2024"]
[Source "ChessBase"]
[SourceDate "2023.10.10"]
[SourceVersion "1"]
[SourceVersionDate "2023.10.10"]
[SourceQuality "1"]

1. c4 Nf6 2. d4 e6 3. Nf3 b6 4. g3 Bb4+ 5. Bd2 Be7 6. Bg2 Bb7 7. 0-0 c5 8. Nc3 cxd4 9. Nxd4 Bxg2 10. Kxg2 Qc8 11. b3 Qb7+ 12. Kg1 Na6 13. Bf4 Nh5 14. Bc1 Nf6 15. Bb2 0-0 16. Ndb5 d5 17. cxd5 exd5 18. Rc1 Rfd8 19. Nd4 Nc5 20. Nf5 Bf8 21. Nb5 Nfe4 22. f3 Ng5 23. Qd2 Nge6 24. Nbd4 a5 25. Ba1 Rac8 26. Rfd1 Qd7 27. Kg2 Nxd4 28. Nxd4 g6 29. Bb2 Bg7 30. h4 h5 31. Rc2 Ne6 32. Rdc1 Rxc2 33. Rxc2 Rc8 34. Rxc8+ Qxc8 35. Nxe6 Qxe6 36. Bxg7 Kxg7 37. Qd4+ Kh7 38. Kf2 Qc6 39. Qb2 Qc5+ 40. e3 Kg8 41. Ke2 Kf8 42. Qh8+ Ke7 43. Qe5+ Kd7 44. Kd2 Qb4+ 45. Ke2 Qb5+ 46. Kd2 Qb4+ 47. Kc2 Qc5+ 48. Kb2 Qd6 49. Qxd6+ Kxd6 50. Kc3 Ke5 51. a3 b5 52. Kd3 f6 53. Kc3 g5 54. Kd3 Ke6 55. Kd4 Kd6 56. Kc3 Ke5 57. Kd3 Ke6 58. Kd4 Kd6 59. e4 0-1